000
00316nam a2200121Ia 4500
008
190216s9999||||xx |||||||||||||| ||und||
100
_a
Dr.Jamanals Bayathi
245
0
_a
Hindi-Siksha Prasasan Aevm Prabandh Ka Adhunika Sidhanth
260
_b
Vindya Sahithya
_c
1994
300
_a
332
650
_a
Hindi
942
_c
BK
999
_c
16707
_d
16707